00842nas a2200253 4500000000100000008004100001260001700042653000900059653001100068653001100079653001100090653001200101653000900113653001300122100001400135700001300149700001600162245005200178300001100230490000700241050003200248520029400280022001400574 1984 d c1984 Jul-Sep10aAged10aBiopsy10aFemale10aHumans10aleprosy10aSkin10aVitiligo1 aMisra R S1 aJain R K1 aMukherjee A00aVitiligo on tuberculoid patches--a case report. a658-610 v56 aInfolep Library - available3 a

A case of tuberculoid leprosy with complete depigmentation on its active margins, in a predisposed individual to vitiligo is presented. The postulated mechanism of hypopigmentation vis-a-vis leprosy lesions is discussed in brief in the context of the presenting unusual association.

 a0254-9395